Tín ngưỡng dân gian Đồng bằng sông Cửu Long
Quyển sách này gồm có 3 chương, đề cập đến mảng tín ngưỡng dân gian của các dân tộc Việt, Hoa, Khơme.
Gorde:
| Egile nagusia: | |
|---|---|
| Formatua: | Liburua |
| Hizkuntza: | Undetermined |
| Argitaratua: |
Hà Nội
Khoa học - Xã hội
2015
|
| Gaiak: | |
| Etiketak: |
Etiketa erantsi
Etiketarik gabe, Izan zaitez lehena erregistro honi etiketa jartzen!
|
| Thư viện lưu trữ: | Trung tâm Học liệu Trường Đại học Cần Thơ |
|---|
| LEADER | 00816nam a2200205Ia 4500 | ||
|---|---|---|---|
| 001 | CTU_209413 | ||
| 008 | 210402s9999 xx 000 0 und d | ||
| 082 | |a 398.4109597 | ||
| 082 | |b D309 | ||
| 100 | |a Trần, Phỏng Diều | ||
| 245 | 0 | |a Tín ngưỡng dân gian Đồng bằng sông Cửu Long | |
| 245 | 0 | |c Trần Phỏng Diều | |
| 260 | |a Hà Nội | ||
| 260 | |b Khoa học - Xã hội | ||
| 260 | |c 2015 | ||
| 520 | |a Quyển sách này gồm có 3 chương, đề cập đến mảng tín ngưỡng dân gian của các dân tộc Việt, Hoa, Khơme. | ||
| 650 | |a Phong tục tập quán,Manners and customs | ||
| 650 | |z Việt Nam,Vietnam | ||
| 904 | |i Trần Thu Thảo,Hải | ||
| 980 | |a Trung tâm Học liệu Trường Đại học Cần Thơ | ||